Sports Quiz

Random Sports or Rugby Quiz

Rugby Union Players 100+ Caps Quiz Stats

 Plays Quiz not verified by Sporcle

Score 0/29 Timer 07:00
0 Plays Today
Hint Answer % Correct
139 capsBrian O'Driscoll
89.4%
124 capsRichie McCaw
84.8%
139 capsGeorge Gregan
75.8%
119 capsJason Leonard
69.7%
130 capsRonan O'Gara
68.2%
110 capsStephen Jones
66.7%
100 capsDan Carter
63.6%
111 capsJohn Smit
60.6%
104 capsMartyn Williams
59.1%
108 capsGethin Jenkins
53%
110 capsVictor Matfield
50%
111 capsGeorge Smith
48.5%
118 capsFabian Pelous
43.9%
107 capsJohn Hayes
42.4%
111 capsPhilippe Sella
40.9%
Hint Answer % Correct
109 capsChris Paterson
40.9%
104 capsSergio Parisse
39.4%
103 capsGareth Thomas
39.4%
102 capsPercy Montgomery
37.9%
110 capsKevin Mealamu
36.4%
102 capsStephen Larkham
34.8%
104 capsMartin Castrogiovanni
33.3%
101 capsDavid Campese
33.3%
100 capsMils Muliaina
33.3%
101 capsAlessandro Troncon
31.8%
116 capsNathan Sharpe
27.3%
107 capsTony Woodcock
21.2%
102 capsMarco Bortolami
16.7%
103 capsAndrea Lo Cicero
7.6%

You're not logged in!

Compare scores with friends on all Sporcle quizzes.
OR
Log In

Show Comments

Extras

Top Quizzes Today


Score Distribution

Your Account Isn't Verified!

In order to create a playlist on Sporcle, you need to verify the email address you used during registration. Go to your Sporcle Settings to finish the process.

Report this User

Report this user for behavior that violates our Community Guidelines.

Details: